[Organizovanie, Prípadové štúdie]

Recenzia na skriptá, ktoré sú rozdelené na dve časti: organizačný dizajn podniku a organizačné zručnosti manažéra.

Salvato in:
Dettagli Bibliografici
Autore principale: Tarišková, Natália, 1973-
Natura: Capitolo di libro
Lingua:slovacco
Soggetti:
Tags: Aggiungi Tag
Nessun Tag, puoi essere il primo ad aggiungerne!!

MARC

LEADER 00000naa a2200000 4500
001 0248927
005 20240502074000.0
041 0 |a slo 
044 |a SK 
245 1 0 |a [Organizovanie, Prípadové štúdie]  |c Natália Tarišková 
520 |a Recenzia na skriptá, ktoré sú rozdelené na dve časti: organizačný dizajn podniku a organizačné zručnosti manažéra. 
610 2 0 |a recenzie 
610 2 0 |a štúdie prípadové 
610 2 0 |a organizácia podniku 
610 2 0 |a zručnosti 
610 2 0 |a manažéri 
100 1 |a Tarišková, Natália, 1973-